Normal view
MARC view
- Dr. Syed Waheed ul Haq.
Entry Personal Name
001 - CONTROL NUMBER
- control field: 18639
003 - CONTROL NUMBER IDENTIFIER
- control field: NUST
005 - DATE AND TIME OF LATEST TRANSACTION
- control field: 20190726072248.0
008 - FIXED-LENGTH DATA ELEMENTS
- fixed length control field: 190726|| aca||aabn | a|a d
040 ## - CATALOGING SOURCE
- Original cataloging agency: NUST
- Transcribing agency: NUST
100 ## - HEADING--PERSONAL NAME
- Personal name: Dr. Syed Waheed ul Haq.
670 ## - SOURCE DATA FOUND
- Source citation: Work cat.: (NUST): Faraz, Zahid 18637, Development of An Integrated Framework For Optimization of Sheet Metal Work Through Bi-Directional Information Flow Between Design and manufacturing Processes /, 2016.
